|
|
|
|
| LEADER |
00000nab a2200000 a 4500 |
| 001 |
vtls000732741 |
| 003 |
SK-MaSNL |
| 005 |
20260302193002.0 |
| 008 |
180206c2000 xo 0 slo |
| 015 |
|
|
|a SNBRB2000/09-24371
|
| 035 |
|
|
|a CLN000084852
|
| 040 |
|
|
|a SNKBUCL
|b slo
|c SNKBUCL
|e AACR2
|
| 041 |
0 |
|
|a slo
|
| 044 |
|
|
|a xo
|c SK
|
| 080 |
|
|
|a 338.482(437.6)
|2 UDC-MRF-SK2
|
| 080 |
|
|
|a 33-051
|2 UDC-MRF-SK2
|
| 100 |
1 |
|
|a Krajmerová, Eva
|4 ain
|9 414104
|
| 245 |
1 |
0 |
|a Treba zmeniť priority
|b rozhovor s podpredsedom vlády SR Ing. Ivanom Miklošom
|c [zhovára sa] Eva Krajmerová
|
| 300 |
|
|
|b Fotogr.
|
| 600 |
1 |
7 |
|a Mikloš, Ivan,
|d 1960-
|2 snkbucl
|9 104607
|
| 650 |
0 |
7 |
|a ruch cestovný
|z Slovensko
|2 snkbucl
|9 304000
|
| 655 |
|
7 |
|a články z novín a časopisov
|2 snkbucl
|9 267496
|
| 700 |
1 |
|
|a Mikloš, Ivan,
|d 1960-
|4 aut
|4 uin
|9 104607
|
| 773 |
0 |
|
|t Kormorán
|g Roč. 2, č. 8 (2000), s. 50-53
|
| 850 |
|
|
|a Slovenská národná knižnica v Martine
|
| 852 |
|
|
|a SNK
|b KIS3GCP
|
| 958 |
|
|
|a RBX
|
| 999 |
|
|
|c 1442821
|d 1444751
|